| 000 | 00624nam a22001817a 4500 | ||
|---|---|---|---|
| 999 |
_c6818 _d6818 |
||
| 001 | 2534 | ||
| 003 | BD-DhUAP | ||
| 005 | 20210107152441.0 | ||
| 008 | 210107s1987 bg ||||| |||| 00| 0 ben d | ||
| 040 |
_aBD-DhUAP _bBen _cBD-DhUAP _dBD-DhUAP |
||
| 082 |
_223 _a070.92 ALA |
||
| 100 | _aআলম, মঈনুল। | ||
| 245 |
_aকলমের সৈনিক / _cমঈনুল আলম। |
||
| 260 |
_aচট্টগ্রাম : _bনিঊলুক, _c১৯৮৭। |
||
| 300 |
_a২১৪ পৃষ্ঠা : _bচিত্র ; _c২১ সেমি.। |
||
| 650 |
_aJournalists _vBiography. |
||
| 942 |
_2ddc _cBK |
||